| Tag |
First Indicator |
Second Indicator |
Subfields |
| LEADER |
00000cam a2200000 4500 |
| 001 |
in00003854821 |
| 005 |
20190415183635.0 |
| 006 |
m o d |
| 007 |
cr |n||||||||n |
| 008 |
931215s1776 stk|||| o 00||||eng c |
| 035 |
|
|
|a (CU-RivES)N59129
|
| 035 |
|
|
|a (Uk-ES)006053688
|
| 035 |
|
|
|a (OCoLC)508286762
|
| 040 |
|
|
|a CU-RivES
|c CU-RivES
|d CStRLIN
|d Cengage Gale
|d UtOrBLW
|
| 110 |
2 |
|
|a United Incorportation of St. Mary's Chapel.
|
| 245 |
1 |
0 |
|a Act of the incorporations of Mary's Chapel :
|b Instituting a scheme for providing annuities to widows of the members. Passed 8th March 1768. With obligation by the contributors subjoined.
|
| 264 |
|
3 |
|a Edinburgh :
|b Printed by Balfour and Smellie,
|c M,DCC,LXXVI. [1776]
|
| 300 |
|
|
|a 1 online resource (22 pages)
|
| 336 |
|
|
|a text
|b txt
|2 rdacontent
|
| 337 |
|
|
|a computer
|b c
|2 rdamedia
|
| 338 |
|
|
|a online resource
|b cr
|2 rdacarrier
|
| 510 |
4 |
|
|a English Short Title Catalog,
|c N59129.
|
| 500 |
|
|
|a Reproduction of original from National Library of Scotland.
|
| 500 |
|
|
|a Electronic resource.
|
| 650 |
|
0 |
|a Annuities
|z Scotland
|v Early works to 1800.
|
| 655 |
|
7 |
|a Electronic books.
|2 local
|
| 710 |
2 |
|
|a Gale (Firm)
|0 http://id.loc.gov/authorities/names/no2008071348
|
| 752 |
|
|
|a Great Britain
|b Scotland
|d Edinburgh.
|
| 856 |
4 |
0 |
|u http://proxy.library.tamu.edu/login?url=http://find.galegroup.com/ecco/infomark.do?contentSet=ECCOArticles&docType=ECCOArticles&bookId=1674801500&type=getFullCitation&tabID=T001&prodId=ECCO&docLevel=TEXT_GRAPHICS&version=1.0&source=library&userGroupName=txshracd2898
|z Connect to the full text of this electronic book
|t 0
|
| 999 |
f |
f |
|s bc06378d-53d6-38c2-a3fb-dcf5ea35cc2d
|i 0d07c833-4fd0-3025-80f3-68a7c8dabcc5
|t 0
|
| 952 |
f |
f |
|a Texas A&M University
|b College Station
|c Electronic Resources
|d Available Online
|t 0
|h No information provided
|
| 998 |
f |
f |
|t 0
|l Available Online
|